Významné TNK sa etablujú v Euro Valley

Stručné zhodnotenie západoslovenského subregiónu, jeho príťažlivosť pre transnacionálne korporácie (TNK) a umiestnenie priamych zahraničných investícií. Zámery a možnosti priemyselného parku nazvaného Euro Valley.

Salvato in:
Dettagli Bibliografici
Autore principale: Lysák, Ladislav
Natura: Capitolo di libro
Lingua:slovacco
Soggetti:
Tags: Aggiungi Tag
Nessun Tag, puoi essere il primo ad aggiungerne!!

MARC

LEADER 00000naa$a2200000$$$4500
001 0034755
005 20240502071445.7
041 0 |a slo 
044 |a SK 
245 1 0 |a Významné TNK sa etablujú v Euro Valley  |c Ladislav Lysák 
520 |a Stručné zhodnotenie západoslovenského subregiónu, jeho príťažlivosť pre transnacionálne korporácie (TNK) a umiestnenie priamych zahraničných investícií. Zámery a možnosti priemyselného parku nazvaného Euro Valley. 
610 2 0 |a parky priemyselné 
610 2 0 |a korporácie transnacionálne 
610 2 0 |a investície priame zahraničné 
610 2 0 |a Slovensko 
100 1 |a Lysák, Ladislav